=LDR 00000nam 2200000 4500 =001 INLIS000000000034640 =005 20241018085926 =035 ##$$a 0010-061300000034640 =008 241018################g##########0#ind## =041 ##$$a ind =082 ##$$a 028.5 =090 ##$$a 028.5, San,s =100 ##$$a Sartika,Yopi =245 1#$$a Sabun dan Tali, : $b Seri Mari Bereksperimen /$c Yopi Sartika ; Penyunting, Tim Aurora =260 ##$$a Bogor :$b Aurora Angkasa Perdana,$c 2008 =300 ##$$a iii,60 hlm. : $b Illus., ; $c 25 cm =650 #4$$a Bacaan Kanak-Kanak =700 #$$a Tim Aurora Perdana =850 ##$$a NBPNMAT =084 ##$$a 028.5 SAR s =990 ##$$a 21009031 =990 ##$$a 07910791 =990 ##$$a 21009030 =990 ##$$a 21009031